000 00515nam a2200145Ia 4500
008 220216s9999 xx 000 0 und d
100 _aDey S.K
245 0 _aRubber plantation for development of Tripura
260 _bIn: Development Paradigms and Bottom-up Approaches. (Eds. K.N. Jena, M.M. Semwal and R. Chattarjee). Abhijeet Publications, New Delhi, India, pp. 52-62.
500 _aSource Year: 2009
650 _aRubber plantation
650 _aTripura
856 _uBibli details from author
942 _cJS
999 _c67876
_d67876